Programming perl /

Uložené v:
Podrobná bibliografia
Hlavní autori: Wall, Larry (Autor), Schwartz, Randal L (Autor)
Médium: Kniha
Jazyk:English
Vydavateľské údaje: Sebastopol : O'Reilly and Associates, 1991
Vydanie:1.vyd.
Predmet:
Tagy: Pridať tag
Žiadne tagy, Buďte prvý, kto otaguje tento záznam!

MARC

LEADER 00000nam a22000003a 4500
001 stu7613
005 20201002125423.9
008 951211s1991----xxc-----------------eng-d
020 |a 0-937175-64-1 
040 |a STU  |b slo 
041 0 |a eng 
044 |a xxc 
080 |a 681.32.06 
080 |a Perl 
080 |a 519.682 
084 |a C6110B  |2 INS 
084 |a C6140  |2 INS 
100 1 |a Wall, Larry  |4 aut 
245 1 |a Programming perl /  |c [aut.] Wall,Larry; Schwartz,Randal L 
250 |a 1.vyd. 
260 |a Sebastopol :  |b O'Reilly and Associates,  |c 1991 
300 |a 465 s 
650 7 |a programovacie jazyky  |2 stusub 
650 7 |a programovanie  |2 stusub 
650 7 |a počítačové programy  |2 stusub 
700 1 |a Schwartz, Randal L  |4 aut 
996 |b 284IK06172  |c I*16PJ4977  |l II680  |s A  |a 24  |w stu7613_0001